Words ending in "al" quiz (1) - Statistics

General Stats
  • This quiz has been taken 20 times
  • The average score is 4 of 15
Answer Stats
Hint Answer % Correct
Glasses optical
88%
Deadly lethal
76%
Mind mental
53%
Eye visual
53%
Heart cardial
41%
Deadly fatal
35%
Multi-Nation national
18%
Words.... Lines.... verbal
18%
Non exsistent fictional
12%
A seperate part of a countrys landmass colonal
6%
The dream of future colonies galactical
6%
Friend mutual
6%
Doctor surgical
6%
maximum size universal
6%
Funny not f u n n y comiedial
0%
No matching quizzes found
Score Distribution
Percent of People with Each Score
Percentile by Number Answered
Your Score History
You have not taken this quiz